书目信息 |
| 题名: |
法币、金圆券与黄金风潮
|
|
| 作者: | ;中国人民政治协商会议全国委员会文史资料研究委员会 编 | |
| 分册: | ||
| 出版信息: | 北京 文史资料出版社 1985 |
|
| 页数: | 184页 | |
| 开本: | 19cm | |
| 丛书名: | 中国近代经济史料丛书 | |
| 单 册: | ||
| 中图分类: | F129.6 | |
| 科图分类: | ||
| 主题词: | 经济--中国 | |
| 电子资源: | ||
| ISBN: | ||
| 000 | 00907nam2 2200265 45 | |
| 001 | 0185002386 | |
| 005 | 20040425094144.9 | |
| 010 | @dCNY1.00 | |
| 091 | @a11224.159 | |
| 100 | @a19900816d1985 kemy0chiy0121 ea | |
| 101 | 0 | @achi |
| 102 | @aCN@b110000 | |
| 105 | @ay z 000yy | |
| 106 | @ar | |
| 200 | 10 | @a法币、金圆券与黄金风潮@Afa bi 、 jin yuan quan yu huang jin feng chao@f中国人民政治协商会议全国委员会文史资料研究委员会编 |
| 210 | @a北京@c文史资料出版社@d1985 | |
| 215 | @a184页@d19cm | |
| 225 | 2 | @a中国近代经济史料丛书 |
| 410 | 0 | @120010@a中国近代经济史料丛书 |
| 606 | 0 | @a经济@x中国 |
| 690 | @aF129.6 | |
| 711 | 02 | @a中国人民政治协商会议全国委员会文史资料研究委员会@Azhong guo ren min zheng zhi xie shang hui yi quan guo wei yuan hui wen shi zi liao yan jiu wei yuan hui@4编 |
| 801 | 0 | @aCN@b深圳图书馆@c20040425 |
| 801 | 2 | @aCN@bNLC@c20040425 |
| 905 | @f2@b169116-117@dF129.6@e33 | |
| 法币、金圆券与黄金风潮/中国人民政治协商会议全国委员会文史资料研究委员会编.-北京:文史资料出版社,1985 |
| 184页;19cm.-(中国近代经济史料丛书) |
| ISBN :CNY1.00 |
| ● |
| 相关链接 |
|
|
|
|
正题名:法币、金圆券与黄金风潮
索取号:F129.6/33
 
预约/预借
| 序号 | 登录号 | 条形码 | 馆藏地/架位号 | 状态 | 备注 |
| 1 | 0169116 | 000509220 | 第一借阅区/ [索取号:F129.6/33] | 在馆 | |
| 2 | 0169117 | 000202060 | 第一借阅区/ [索取号:F129.6/33] | 在馆 | |
| 3 | 0169118 | 000202024 | 第一样本阅览室/ [索取号:F129.6/33] | 在馆 |